00772nam a2200229 i 4500001000300000100001600003245003200019260003700051300003300088490005400121504003300175650002500208650003600233650003600269830004700305020001500352040000800367041000800375080002000383008004100403856009800444bg1 aPOOK, L. P.10aCrack paths /cL.nP. Pook. aSouthampton :bWIT Press,c2002. a[X], 154 s. :bil. ;c24 cm.1 aAdvances in Domage Mechanics,x1473-8791 ;vVol.2 aBibliogr. po rozdz., indeks. 9aPękaniexmechanika 9aNaprężenia i odkształcenia 9aWytrzymałość materiałów aAdvances in Domage Mechanics,x1473-8791 ; a1853129275 cBPK0 aeng a539.3/.6:620.17 s pl f |000 0 pol  uhttp://koha.tu.koszalin.pl/cgi-bin/koha/opac-detail.pl?biblionumber=44700yKatalog online BPK